Andre Gide y Paul Claudel, frente a frente. (Record no. 1765)
[ view plain ]
| 000 -CABECERA | |
|---|---|
| campo de control de longitud fija | 00854cam a22001931a 4500 |
| 001 - NÚMERO DE CONTROL | |
| campo de control | 000001891 |
| 005 - FECHA Y HORA DE LA ÚLTIMA TRANSACCIÓN | |
| campo de control | 20200929145739.0 |
| 008 - DATOS DE LONGITUD FIJA--INFORMACIÓN GENERAL | |
| campo de control de longitud fija | 820429s1952 sp 000 0 spa c |
| 040 ## - FUENTE DE LA CATALOGACIÓN | |
| Centro catalogador/agencia de origen | DO-SdBNP |
| Lengua de catalogación | spa |
| Centro/agencia transcriptor | BNPHU |
| 100 2# - ENTRADA PRINCIPAL--NOMBRE DE PERSONA | |
| Nombre de persona | Vila Selma, |
| Fechas asociadas al nombre | Jose. |
| 9 (RLIN) | 6172 |
| 245 10 - MENCIÓN DE TÍTULO | |
| Título | Andre Gide y Paul Claudel, frente a frente. |
| 260 ## - PUBLICACIÓN, DISTRIBUCIÓN, ETC. | |
| Lugar de publicación, distribución, etc. | Madrid : |
| Nombre del editor, distribuidor, etc. | Consejo Superior de Investigaciones Cientificas, |
| Fecha de publicación, distribución, etc. | 1952. |
| 300 ## - DESCRIPCIÓN FÍSICA | |
| Extensión | 202 p. ; |
| Dimensiones | 26 cm. |
| 490 1# - MENCIÓN DE SERIE | |
| Mención de serie | Consejo Superior de Investigaciones Cientificas. Departamento Internacional de Culturas Modernas. Publicaciones |
| 600 10 - PUNTO DE ACCESO ADICIONAL DE MATERIA--NOMBRE DE PERSONA | |
| Nombre de persona | Gide, Andre, |
| Fechas asociadas al nombre | 1869-1951. |
| 9 (RLIN) | 6173 |
| 600 10 - PUNTO DE ACCESO ADICIONAL DE MATERIA--NOMBRE DE PERSONA | |
| Nombre de persona | Claudel, Paul, |
| Fechas asociadas al nombre | 1868-1955. |
| 9 (RLIN) | 6174 |
| 650 #0 - PUNTO DE ACCESO ADICIONAL DE MATERIA--TÉRMINO DE MATERIA | |
| Término de materia o nombre geográfico como elemento de entrada | French poetry |
| Subdivisión cronológica | 20th century |
| Subdivisión general | History and criticism. |
| 9 (RLIN) | 6175 |
| 810 1# - PUNTO DE ACCESO ADICIONAL DE SERIE--NOMBRE DE ENTIDAD CORPORATIVA | |
| Nombre de entidad corporativa o nombre de jurisdicción como elemento de entrada | Spain. |
| Unidad subordinada | Consejo Superior de Investigaciones Scientificas. |
| -- | Departamento Internacional de Culturas Modernas. |
| Título de la obra | Publicaciones. |
| 9 (RLIN) | 6176 |
| Estado de retiro | Estado de pérdida | Restricciones de uso | No para préstamo | Código de colección | Localización permanente | Ubicación/localización actual | Ubicación en estantería | Fecha de adquisición | Número de inventario | Total de préstamos | Signatura topográfica completa | Código de barras | Fecha visto por última vez | Precio válido a partir de | Tipo de ítem Koha |
|---|---|---|---|---|---|---|---|---|---|---|---|---|---|---|---|
| Préstamo interno | Préstamo restrigido | Monografías: Libros y Folletos | General | General | En encuadernación | 22.09.2009 | LF1 | 1891-10 | 25.06.2020 | 25.06.2020 | Préstamo interno |
